Quizzes
Events
Quiz Creation
Community
Videos
Private Events
Remove Ads
Sign In
Join for FREE
Feedback
Dark Mode
Quiz Categories
Sports
Geography
Music
Movies
Television
Just For Fun
Miscellaneous
History
Literature
Language
Science
Gaming
Entertainment
Religion
Holiday
For Kids
Quiz Lab
Recent
Popular Today
Quiz Kudos Today
Editor Picks
Curator Picks
Quizzes by...
Day
Popularity
Type
Ratings
Length
Year
Community
Subscriptions
Recent Discussions
Orange Saloon
Badges
Playlists
Quests
Create
Leaderboards
Showdown
Live 5
Trivia Bingo
Activity
Puzzle Library
Sporcle Events
Private Events
Virtual Trivia
Globe League
Become a Host
Pub Owners
SporcleCon
Opinionation
Our Games
Videos
Blog
Mobile Apps
Partnerships
Remove Ads and Go Orange
Feedback
Movies
Disney
Marvel Cinematic Universe
Movie Resume
Movie Titles
Oscar
Actor
Actress
Director
Pixar
Role
Movie Quotes
Movie Characters
Box Office
Nominee
Best Picture
Star Wars
James Bond
Horror Movies
Movies
Disney
Marvel Cinematic Universe
Movie Resume
Movie Titles
Oscar
Actor
Actress
Director
Pixar
Role
Movie Quotes
Movie Characters
Box Office
Nominee
Best Picture
Star Wars
James Bond
Horror Movies
Random Quiz
Search Sporcle
×
Quiz Lab
Quiz Lab
Movies
Actress
Click on answers out of a set of options
Click on answers out of a set of options
Multiple Choice
Best Score? Go Orange.
Meryl Streep Golden Globe Loss Stats
Can you choose who beat Meryl Streep for the Golden Globe?
By
mofetajerve
4m
22 Questions
139 Plays
139 Plays
139 Plays
Comments
Comments
Give Quiz Kudos
Give Quiz Kudos
-
- Ratings
hide this ad
Random Order
Randomize order of answers
Randomize order of answers
Replay
Link that replays current quiz
Next Quiz
Link to next quiz in quiz playlist
You Got
0%
They Got
Avg Score
64%
Avg Friend Score
Upgrade to see
Score Distribution
Jump to the score distribution portion of the page
Score
0/22
Timer
04:00
0
Plays Today
Question
Answer
Wrong Answers
Florence Foster Jenkins (2016)
Emma Stone - La La Land
92.8%
Annette Bening - 20th Century Women
2.2%
Lily Collins - Rules Don't Apply
1.4%
Hailee Steinfeld - The Edge of Seventeen
3.6%
August: Osage County (2013)
Amy Adams - American Hustle
85.6%
Julia Louis-Dreyfus - Enough Said
2.9%
Julie Delpy - Before Midnight
5.8%
Greta Gerwig - Frances Ha
2.9%
Hope Springs (2012)
Jennifer Lawrence - Silver Linings Playbook
85.6%
Emily Blunt - Salmon Fishing in the Yemen
2.9%
Judi Dench - The Best Exotic Marigold Hotel
4.3%
Maggie Smith - Quartet
2.9%
Into the Woods (2014)
Patricia Arquette - Boyhood
81.3%
Jessica Chastain - A Most Violent Year
2.2%
Emma Stone - Birdman
7.9%
Keira Knightley - The Imitation Game
6.5%
The Post (2017)
Frances McDormand - Three Billboards Outside Ebbing, Missouri
81.2%
Michelle Williams - All the Money in the World
0%
Sally Hawkins - The Shape of Water
5.8%
Jessica Chastain - Molly's Game
2.9%
One True Thing (1998)
Cate Blanchett - Elizabeth
79.1%
Fernanda Montenegro - Central Station
2.2%
Susan Sarandon - Stepmom
6.5%
Emily Watson - Hilary and Jackie
5%
Silkwood (1983)
Shirley MacLaine - Terms of Endearment
77.7%
Jane Alexander - Testament
3.6%
Bonnie Bedelia - Heart Like a Wheel
0%
Debra Winger - Terms of Endearment
5.8%
Postcards from the Edge (1990)
Julia Roberts - Pretty Woman
76.3%
Mia Farrow - Alice
2.9%
Andie MacDowell - Green Card
3.6%
Demi Moore - Ghost
5%
The Hours (2002)
Nicole Kidman - The Hours
74.8%
Julianne Moore - Far from Heaven
8.6%
Salma Hayek - Frida
7.2%
Diane Lane - Unfaithful
2.2%
She-Devil (1989)
Jessica Tandy - Driving Miss Daisy
74.8%
Pauline Collins - Shirley Valentine
1.4%
Meg Ryan - When Harry Met Sally...
6.5%
Kathleen Turner - The War of the Roses
5%
Doubt (2008)
Kate Winslet - Revolutionary Road
74.1%
Angelina Jolie - Changeling
6.5%
Anne Hathaway - Rachel Getting Married
8.6%
Kristin Scott Thomas - I've Loved You So Long
4.3%
It's Complicated (2009)
Meryl Streep - Julie & Julia
68.3%
Julia Roberts - Duplicity
1.4%
Marion Cotillard - Nine
9.4%
Sandra Bullock - The Proposal
15.8%
Music of the Heart (1999)
Hilary Swank - Boys Don't Cry
66.2%
Annette Bening - American Beauty
19.4%
Julianne Moore - The End of the Affair
5.8%
Sigourney Weaver - A Map of the World
1.4%
Mamma Mia! (2008)
Sally Hawkins - Happy-Go-Lucky
63.3%
Frances McDormand - Burn After Reading
12.9%
Emma Thompson - Last Chance Harvey
8.6%
Rebecca Hall - Vicky Cristina Barcelona
7.9%
The River Wild (1994)
Jessica Lange - Blue Sky
59.7%
Jodie Foster - Nell
19.4%
Jennifer Jason Leigh - Mrs. Parker and the Vicious Circle
4.3%
Miranda Richardson - Tom & Viv
6.5%
... First Do No Harm (1997)
Alfre Woodard - Miss Evers' Boys
54.7%
Ellen Barkin - Before Women Had Wings
14.4%
Jena Malone - Hope
7.9%
Vanessa Redgrave - Bella Mafia
15.1%
Out of Africa (1985)
Whoopi Goldberg - The Color Purple
54%
Anne Bancroft - Agnes of God
2.9%
Cher- Mask
7.9%
Geraldine Page - The Trip to Bountiful
22.3%
The Deer Hunter (1978)
Dyan Cannon - Heaven Can Wait
48.2%
Maureen Stapleton - Interiors
25.9%
Mona Washbourne - Stevie
2.2%
Carol Burnett - A Wedding
10.1%
The Manchurian Candidate (2004)
Natalie Portman - Closer
46.8%
Cate Blanchett - The Aviator
41%
Laura Linney - Kinsey
1.4%
Virginia Madsen - Sideways
3.6%
Marvin's Room (1996)
Brenda Blethyn - Secrets & Lies
43.9%
Courtney Love - The People vs. Larry Flynt
4.3%
Kristin Scott Thomas - The English Patient
30.2%
Emily Watson - Breaking the Waves
12.9%
Death Becomes Her (1992)
Miranda Richardson - Enchanted April
42.4%
Geena Davis - A League of Their Own
12.2%
Whoopi Goldberg - Sister Act
28.8%
Shirley MacLaine - Used People
5%
The Bridges of Madison County (1995)
Sharon Stone - Casino
35.3%
Susan Sarandon - Dead Man Walking
34.5%
Elisabeth Shue - Leaving Las Vegas
4.3%
Emma Thompson - Sense and Sensibility
15.8%
Quiz Playlist
Details
Report
Send in Message
Add To Playlist
Multiple Choice:
Click on answers out of a set of options
Random Order:
Randomize order of answers
Quiz Source
Last Updated: Feb 16, 2017
Quiz Scoreboard
CHALLENGE
Sign Up to Join the Scoreboard
Show All
Scores
Hide
Comments
May contain spoilers
Recently Published
An Introduction to Baseball
by treessimontrees
Sports
5m
Movies - When Are They Set?
by FPL_Elf
Movies
5m
Popular People in 1961
by mucciniale
History
6m
More to Explore
Quiz From the Vault
Featured Blog Post
Where Did the Easter Bunny Come From?
hide this ad
You Might Also Like...
Tags
Actress Quiz
Actress Comedy
Actress Nominees
Award-Winning
Award Recipients
Award Winners
Golden Globes
Lead Actress
Meryl Streep
Multiple Choice
Supporting Actress
Winning Actresses
Today's Top Quizzes in Movies
Browse Movies
hide this ad
Today's Top Quizzes in Actress
Browse Actress
Top Contributed Quizzes in Movies
1
Pick 5 Posters: Directed by Spielberg
2
Pick 5 Posters: Lowest-Rated Spielberg
3
Multi-Oscar Nominations, One Movie, One Winner
4
7-to-1: Pixar Characters
5
12 Movies about Fictional 1960s Events
6
One Thing in Common: Movies
7
Pick 5 Posters: Directed by Scorsese
8
Sunday Crossword: Film Score Composers
9
Pick 5 Posters: Star & Director
10
Sorting Actors
Explore More
Trending Topics
Crossword
Kpop
Harry Potter
NBA
Marvel
Anime
Disney
NFL
Soccer
The Office
Country
Puzzle
Pokémon
Song
WWE
hide this ad
More By:
mofetajerve
Quiz
Plays
Rating
Category
Featured
Created
Geography Numbers
56,517
4.06
Geography
Sep 4, 2015
3 or More 2017 Motion Picture Golden Globe Nominations
6,013
4.12
Movies
Dec 13, 2017
Missing Word: Film Sequels II
4,478
4.36
Just For Fun
Mar 21, 2016
Tom Hanks: 15 Seconds of Fame
2,674
4.33
Movies
Feb 1, 2020
2017 Motion Picture Golden Globe Winners
2,559
4.53
Movies
Jan 7, 2018
Go to Creator's Profile
Score Distribution
Quiz Creator Spotlight
mofetajerve
Follow
Send a Message
Quizzes Created
-
Created Quiz Play Count
-
More By This Creator
Popular Quizzes Today
1
Find the Countries of Europe - No Outlines Minefield
2
Find the US States - No Outlines Minefield
3
The Countries of the World
4
Popular People in 1961
5
US States
6
Find the US States
7
1-10 Letter E Words III
8
Risky Map Clicking: Biggest States A-Z
More Movies Quizzes
2010 Movie Actresses - Level 1
Quiz Lab
Trending Quizzes
Risky Map Clicking: Least Populous States A-Z
1-10 Letter F Words
1-10 Letter G Words
One Thing in Common: United Kingdom
Risky Map Clicking: Next State Alphabetically
Recently Updated
Leaping Animals
pecheneg
Reality TV Shows (A-Z)
bhenderson79
Rickey Henderson's Hall of Fame Teammates
pecheneg
Champions League XIs: Arsenal
pecheneg
Quick Pick: Celebrities in WWE's Hall of Fame
aduchscher
A-Z Keypad Blitz II
pecheneg
Multiple Oscar Actors
pecheneg
Mystery Phrase Blitz: Oscar 'Best Actors'
pecheneg
F. Scott Fitzgerald Novels
LTH
Pick 3 Villains
ddd62291
Trending Topics
Disney
Kpop
Anime
Crossword
Harry Potter
Marvel
NBA
NFL
Country
Pokémon
The Office
Puzzle
Song
Soccer
WWE
Your Account Isn't Verified!
In order to create a playlist on Sporcle, you need to verify the email address you used during registration. Go to your
Sporcle Settings
to finish the process.
Report this User
Report this user for behavior that violates our
Community Guidelines
.
Details:
Send Report
Go to the Sporcle.com Mobile Site →
Comments